书目信息 |
| 题名: |
外语流利说:如何快速学习一门语言
|
|
| 作者: | 加布里埃尔·怀纳 著 ;毛润卿 译 | |
| 分册: | ||
| 出版信息: | 北京 人民邮电出版社 2018.11 |
|
| 页数: | 250页 | |
| 开本: | 20cm | |
| 丛书名: | ||
| 单 册: | ||
| 中图分类: | H3 | |
| 科图分类: | ||
| 主题词: | 外语--常用 | |
| 电子资源: | ||
| ISBN: | 7-115-46580-0 | |
| 000 | 00698nam0 2200205 450 | |
| 001 | 1870697804 | |
| 005 | 20181206193817.79 | |
| 010 | @a7-115-46580-0@dCNY 59.00 | |
| 100 | @a20181206d2018 km y0chiy0120 ea | |
| 101 | 0 | @achi |
| 102 | @aCN@b110000 | |
| 200 | 1 | @a外语流利说:如何快速学习一门语言@Awai yu liu li shuo:ru he kuai su xue xi yi men yu yan@f(美)加布里埃尔·怀纳著@F(mei)jia bu li ai er·huai na zhu@g毛润卿译@Gmao run qing yi |
| 210 | @a北京@c人民邮电出版社@d2018.11 | |
| 215 | @a250页@d20cm | |
| 606 | 0 | @a外语@x常用 |
| 690 | @aH3@v4 | |
| 701 | 0 | @a加布里埃尔·怀纳@Ajia bu li ai er·huai na@4著 |
| 702 | 0 | @a毛润卿@Amao run qing@4译 |
| 801 | 0 | @aCN@bMUSE@c20181206 |
| 905 | @aBZT@dH3@e4 | |
| 外语流利说:如何快速学习一门语言/(美)加布里埃尔·怀纳著/毛润卿译.-北京:人民邮电出版社,2018.11 |
| 250页;20cm |
| ISBN 7-115-46580-0:CNY 59.00 |
| ● |
| 相关链接 |
|
|
|
正题名:外语流利说:如何快速学习一门语言
索取号:H3/4
 
预约/预借
| 序号 | 登录号 | 条形码 | 馆藏地/架位号 | 状态 | 备注 |
| 1 | 857511 | 2000857511 | 第二书库/ [索取号:H3/4] | 在馆 | |
| 2 | 857512 | 2000857512 | 第二书库/ [索取号:H3/4] | 在馆 | |
| 3 | 857513 | 2000857513 | 第二书库/ [索取号:H3/4] | 在馆 |